[Event "Oviedo op 8th"]
[Site "Oviedo"]
[Date "2022.07.23"]
[Round "9"]
[White "Armas Gago, Miguel Angel"]
[Black "Dias, Jose Oliveira Gaspa"]
[Result "0-1"]
[WhiteElo "1526"]
[BlackElo "1460"]
[PlyCount "74"]
[EventDate "2022.07.17"]
[EventType "swiss"]
[EventRounds "9"]
[EventCountry "ESP"]
[SourceTitle "CBM 209 Extra"]
[Source "ChessBase"]
[SourceDate "2022.09.30"]
[SourceVersion "1"]
[SourceVersionDate "2022.09.30"]
[SourceQuality "1"]

1. e4 d5 2. Nf3 dxe4 3. Ng5 Nf6 4. d3 Bg4 5. Be2 Bxe2 6. Qxe2 exd3 7. cxd3 Nc6 8. Be3 h6 9. Nf3 e6 10. 0-0 Bd6 11. Nc3 a6 12. d4 Ne7 13. Rfd1 c6 14. Ne5 0-0 15. g4 Nh7 16. h4 f6 17. Nf3 Qd7 18. Ne4 Bc7 19. Ng3 Rae8 20. g5 hxg5 21. hxg5 Bxg3 22. fxg3 Qd5 23. Bf4 fxg5 24. Qd3 gxf4 25. Kg2 fxg3 26. Rh1 Nf5 27. Rh3 Ng5 28. Rf1 Nxh3 29. Kxh3 g2 30. Rg1 Rf6 31. Ng5 Qxd4 32. Qxd4 Nxd4 33. Rxg2 Rh6+ 34. Kg4 Rf8 35. b4 e5 36. a4 Rf4+ 37. Kg3 Nf5# 0-1

[Event "Oviedo op 8th"]
[Site "Oviedo"]
[Date "2022.07.20"]
[Round "6"]
[White "Dias, Jose Oliveira Gaspa"]
[Black "Prochaieva, Tina"]
[Result "1-0"]
[WhiteElo "1460"]
[BlackElo "1264"]
[PlyCount "87"]
[EventDate "2022.07.17"]
[EventType "swiss"]
[EventRounds "9"]
[EventCountry "ESP"]
[SourceTitle "CBM 209 Extra"]
[Source "ChessBase"]
[SourceDate "2022.09.30"]
[SourceVersion "1"]
[SourceVersionDate "2022.09.30"]
[SourceQuality "1"]

1. d4 Nf6 2. Nf3 e6 3. Bf4 c5 4. e3 b6 5. Bd3 Ba6 6. c4 d5 7. Bxb8 Rxb8 8. Qa4+ b5 9. Qxa6 bxc4 10. Bc2 Be7 11. Ba4+ Kf8 12. Ne5 Rxb2 13. Qxa7 cxd4 14. Nc6 Bb4+ 15. Nxb4 Rxb4 16. exd4 Rb8 17. 0-0 g6 18. Nc3 Kg7 19. Rfb1 Ra8 20. Qb7 Rb8 21. Qc6 Qa5 22. Rc1 Rhc8 23. Qd6 Ne4 24. Nxe4 Qxa4 25. Qe5+ Kf8 26. Qh8+ Ke7 27. Qf6+ Kf8 28. Ng5 Qd7 29. Re1 Rb6 30. Qh8+ Ke7 31. Qxh7 Kf6 32. Qh4 Kg7 33. Qg3 c3 34. Rac1 c2 35. Qd3 Qa4 36. h4 Qxa2 37. h5 Rb3 38. Nxe6+ Kg8 39. Qe2 Re8 40. hxg6 fxg6 41. Qe5 Re7 42. Qf6 Rf7 43. Qxg6+ Kh8 44. Qxf7 1-0

[Event "Oviedo op 8th"]
[Site "Oviedo"]
[Date "2022.07.19"]
[Round "4"]
[White "Moreno Fernandez, Roberto"]
[Black "Dias, Jose Oliveira Gaspa"]
[Result "1-0"]
[WhiteElo "1298"]
[BlackElo "1460"]
[PlyCount "163"]
[EventDate "2022.07.17"]
[EventType "swiss"]
[EventRounds "9"]
[EventCountry "ESP"]
[SourceTitle "CBM 209 Extra"]
[Source "ChessBase"]
[SourceDate "2022.09.30"]
[SourceVersion "1"]
[SourceVersionDate "2022.09.30"]
[SourceQuality "1"]

1. e4 d5 2. exd5 Nf6 3. Nf3 Nxd5 4. Bc4 Bg4 5. Nc3 e6 6. Nxd5 exd5 7. Be2 Bd6 8. 0-0 0-0 9. d4 c6 10. Re1 Nd7 11. Qd3 g6 12. h3 Bf5 13. Qd2 Qc7 14. Nh4 Be6 15. Bd3 Rae8 16. c3 f5 17. Nf3 Nf6 18. Qh6 Ne4 19. Ne5 Bxe5 20. dxe5 Qg7 21. Qxg7+ Kxg7 22. f4 c5 23. Bxe4 fxe4 24. Be3 b6 25. a3 Rd8 26. Red1 Rf7 27. b4 Re7 28. Rac1 Rc8 29. Kf2 h5 30. h4 Rd7 31. Ke2 Bg4+ 32. Ke1 Bxd1 33. Rxd1 Kf7 34. Kf2 cxb4 35. axb4 Rxc3 36. Bd4 Rb3 37. Rc1 Rxb4 38. Rc6 Re7 39. Rf6+ Kg7 40. Bc3 Rc4 41. Ba1 d4 42. Rd6 Rc2+ 43. Kg3 Rd2 44. Bxd4 e3 45. Kf3 e2 46. Kf2 Kh7 47. Ke1 Rc2 48. e6 Rc8 49. Bf6 Ree8 50. Rd7+ Kg8 51. Rg7+ Kf8 52. e7+ Rxe7 53. Rxe7 Rc6 54. Bg5 a5 55. Kxe2 a4 56. Rb7 Rc2+ 57. Kd3 Rb2 58. Kc3 Rb3+ 59. Kc2 Ke8 60. Rg7 b5 61. Bf6 Rg3 62. Re7+ Kf8 63. Re2 Kf7 64. Bd4 a3 65. Be3 Kf6 66. Kb3 Kf5 67. Ka2 b4 68. Bc5 b3+ 69. Kxa3 Kxf4 70. Bd6+ Kg4 71. Bxg3 Kxg3 72. Re3+ Kxh4 73. Rxb3 g5 74. Kb2 g4 75. Kc2 Kg5 76. Kd2 h4 77. Ke2 Kf4 78. Rb4+ Kg3 79. Kf1 Kh2 80. Rxg4 h3 81. Rh4 Kg3 82. Rxh3+ 1-0

[Event "Oviedo op 8th"]
[Site "Oviedo"]
[Date "2022.07.18"]
[Round "3"]
[White "Dias, Jose Oliveira Gaspa"]
[Black "Iglesias Alvarez, Luis"]
[Result "0-1"]
[WhiteElo "1460"]
[BlackElo "1267"]
[PlyCount "160"]
[EventDate "2022.07.17"]
[EventType "swiss"]
[EventRounds "9"]
[EventCountry "ESP"]
[SourceTitle "CBM 209 Extra"]
[Source "ChessBase"]
[SourceDate "2022.09.30"]
[SourceVersion "1"]
[SourceVersionDate "2022.09.30"]
[SourceQuality "1"]

1. d4 Nf6 2. Nf3 d5 3. Bf4 g6 4. Nc3 a6 5. h3 Bg7 6. Qd2 c5 7. Bh6 0-0 8. h4 cxd4 9. Nxd4 e5 10. Bxg7 Kxg7 11. Nf3 d4 12. 0-0-0 Qc7 13. Nxd4 exd4 14. Qxd4 Nc6 15. Qxf6+ Kxf6 16. Nd5+ Kg7 17. Nxc7 Rb8 18. e4 b5 19. f3 Bb7 20. Rd7 Ne5 21. Rd2 Rfc8 22. Nd5 Rc5 23. Be2 a5 24. Rhd1 Rbc8 25. Ne3 Bc6 26. h5 Nd7 27. hxg6 hxg6 28. Rxd7 Bxd7 29. Rxd7 Rh5 30. Rb7 Rcc5 31. Nd5 b4 32. Nf4 Rh1+ 33. Kd2 Kf6 34. Nd5+ Kg7 35. b3 Ra1 36. Bc4 Rxa2 37. Nf4 Rc8 38. Rxf7+ Kh6 39. Rf6 Kg5 40. e5 a4 41. Ne6+ Kh6 42. g4 a3 43. g5+ Kh5 44. Ng7+ Kxg5 45. f4+ Kh6 46. Nf5+ Kh7 47. Rf7+ Kh8 48. Ne7 Rxc4 49. bxc4 Ra1 50. Rf8+ Kg7 51. Rb8 Rb1 52. Nc6 a2 53. Ra8 a1Q 54. Rxa1 Rxa1 55. Nxb4 Ra4 56. Kc3 Ra3+ 57. Kd4 Rf3 58. Nd3 Kf7 59. Kd5 Ke7 60. c5 Rh3 61. c6 Rh8 62. Nc5 Rd8+ 63. Nd7 Ra8 64. c4 Ra5+ 65. c5 Ra1 66. Nf6 Rd1+ 67. Kc4 Rc1+ 68. Kb5 Rb1+ 69. Ka6 Kd8 70. Nd5 Rd1 71. c7+ Kc8 72. Ne7+ Kxc7 73. Nxg6 Kc6 74. Ne7+ Kxc5 75. Kb7 Rd7+ 76. Kc8 Rxe7 77. Kd8 Rh7 78. e6 Kd6 79. Ke8 Kxe6 80. f5+ Kxf5 0-1

[Event "Figueira da Foz op 13th"]
[Site "Figueira da Foz"]
[Date "2019.11.02"]
[Round "8"]
[White "Goncalves, Lucas Jordao"]
[Black "Dias, Jose Oliveira Gaspa"]
[Result "1-0"]
[WhiteElo "1447"]
[BlackElo "1562"]
[PlyCount "147"]
[EventDate "2019.10.27"]
[EventType "swiss"]
[EventRounds "9"]
[EventCountry "POR"]
[SourceTitle "CBM 192 Extra"]
[Source "Chessbase"]
[SourceDate "2019.11.06"]
[SourceVersion "1"]
[SourceVersionDate "2019.11.06"]
[SourceQuality "1"]

1. e4 d5 2. exd5 Nf6 3. Nf3 Bg4 4. c4 e6 5. dxe6 Bxe6 6. d4 Bb4+ 7. Bd2 Qe7 8. Be2 Bxc4 9. Ne5 Bxd2+ 10. Nxd2 Bxe2 11. Qxe2 0-0 12. 0-0 Nc6 13. Ndf3 Rfe8 14. Qc4 Na5 15. Qc3 b6 16. Nc6 Nxc6 17. Qxc6 Qd7 18. Qxd7 Nxd7 19. Rfe1 Kf8 20. Kf1 h6 21. Rac1 c5 22. dxc5 Nxc5 23. Rxe8+ Rxe8 24. Rc3 g5 25. b4 Na4 26. Rc6 Re6 27. Rxe6 fxe6 28. Nd4 Kf7 29. Nc6 a6 30. Nb8 Nc3 31. Nxa6 Nxa2 32. Ke2 Nc3+ 33. Kd3 Nb5 34. Nb8 Ke7 35. Nc6+ Kd6 36. Nd4 Nc7 37. Kc4 Ke5 38. h4 g4 39. Ne2 Kf5 40. Nd4+ Ke5 41. Nb5 Ne8 42. Na7 Nd6+ 43. Kd3 Kd5 44. b5 Kc5 45. Nc6 Nxb5 46. Ne5 h5 47. Nd7+ Kc6 48. Nf6 Kd6 49. Nxh5 Ke5 50. Ng3 Nd6 51. Ne2 Ne4 52. Ke3 b5 53. Nd4 Nd6 54. h5 b4 55. Nc6+ Kf5 56. Nxb4 Ne8 57. h6 Kg6 58. Kf4 Nf6 59. Ke5 Kf7 60. Nc6 Nd7+ 61. Kf4 Nf6 62. Ne5+ Kg8 63. Nxg4 Nh7 64. Ne5 Kf8 65. Kg4 Ke7 66. Kh4 Kf6 67. Nd7+ Kf7 68. g4 e5 69. g5 Kg8 70. g6 Kh8 71. Kh5 Kg8 72. gxh7+ Kh8 73. Kg6 e4 74. Ne5 1-0

[Event "Guimaraes op 3rd"]
[Site "Guimaraes"]
[Date "2019.08.29"]
[Round "3"]
[White "Camarena Gimenez, Rufino"]
[Black "Dias, Jose Oliveira Gaspa"]
[Result "1-0"]
[WhiteElo "2317"]
[BlackElo "1563"]
[PlyCount "101"]
[EventDate "2019.08.28"]
[EventType "swiss"]
[EventRounds "7"]
[EventCountry "POR"]
[SourceTitle "EXT 2020"]
[Source "ChessBase"]
[SourceDate "2019.10.17"]
[SourceVersion "1"]
[SourceVersionDate "2019.10.17"]
[SourceQuality "1"]

1. d4 Nf6 2. Nf3 d6 3. c4 g6 4. Nc3 Bg7 5. e4 0-0 6. Be2 Nbd7 7. 0-0 e5 8. Be3 Ng4 9. Bg5 f6 10. Bh4 exd4 11. Nxd4 Nde5 12. h3 Nh6 13. f4 Nc6 14. Bf3 g5 15. Nxc6 bxc6 16. Bg3 Bd7 17. Qd2 Kh8 18. Rad1 g4 19. hxg4 Bxg4 20. f5 Qe8 21. Bf4 Bxf3 22. Rxf3 Ng4 23. Rh3 Rf7 24. Qe2 Ne5 25. Kf2 Re7 26. Rdh1 Bf8 27. b3 Nd7 28. g4 Rf7 29. Kf1 Qe7 30. Qh2 Ne5 31. Rg3 Re8 32. Qh5 Qd7 33. g5 fxg5 34. Rxg5 Nd3 35. Be3 Ne5 36. Bd4 h6 37. Ne2 Rh7 38. Rg3 c5 39. Bc3 Ree7 40. Nf4 Bg7 41. Bxe5 Rxe5 42. Ng6+ Kg8 43. Nxe5 dxe5 44. Ke2 Kh8 45. Rd1 Qe7 46. Rg6 Qe8 47. Qg4 h5 48. Qg5 Qf7 49. Rd8+ Bf8 50. Qf6+ Rg7 51. Rxf8+ 1-0

[Event "Sao Martinho do Porto op 1st"]
[Site "Sao Martinho do Porto"]
[Date "2018.09.16"]
[Round "4"]
[White "Amato, Giampiero"]
[Black "Dias, Jose Oliveira Gaspa"]
[Result "1-0"]
[WhiteElo "2031"]
[BlackElo "1622"]
[PlyCount "83"]
[EventDate "2018.09.15"]
[EventType "swiss"]
[EventRounds "9"]
[EventCountry "POR"]
[SourceTitle "CBM 186 Extra"]
[Source "ChessBase"]
[SourceDate "2018.08.24"]
[SourceVersion "1"]
[SourceVersionDate "2018.08.24"]
[SourceQuality "1"]

1. e4 d5 2. exd5 Qxd5 3. Nc3 Qd6 4. d4 Nf6 5. Nf3 a6 6. Bc4 b5 7. Bb3 Bb7 8. 0-0 e6 9. Re1 Be7 10. Ne5 Nbd7 11. Nxf7 Kxf7 12. Rxe6 Qxe6 13. Bxe6+ Kxe6 14. Bf4 Bd6 15. Qd2 Rhe8 16. Bxd6 cxd6 17. a4 b4 18. Ne2 a5 19. Ng3 g6 20. h3 Kf7 21. Qf4 Re6 22. Kh2 Rae8 23. c4 bxc3 24. bxc3 Kg7 25. c4 Rf8 26. Qd2 Ra8 27. Rb1 Bc8 28. Rb5 h5 29. Rxa5 Ba6 30. Qf4 Nb6 31. d5 Re5 32. Qd4 Nfd7 33. f4 Nxc4 34. Rxa6 Rxa6 35. Qxc4 h4 36. Nf1 Rxa4 37. Qxa4 Re7 38. Nd2 Rf7 39. Nf3 Nc5 40. Qd4+ Kh6 41. Ng5 Rf8 42. Ne6 1-0

[Event "Sao Martinho do Porto op 1st"]
[Site "Sao Martinho do Porto"]
[Date "2018.09.15"]
[Round "1"]
[White "Dias, Jose Oliveira Gaspa"]
[Black "Schmitz, Andreas Arnold"]
[Result "0-1"]
[WhiteElo "1622"]
[BlackElo "2008"]
[PlyCount "156"]
[EventDate "2018.09.15"]
[EventType "swiss"]
[EventRounds "9"]
[EventCountry "POR"]
[SourceTitle "CBM 186 Extra"]
[Source "ChessBase"]
[SourceDate "2018.08.24"]
[SourceVersion "1"]
[SourceVersionDate "2018.08.24"]
[SourceQuality "1"]

1. b4 e5 2. Bb2 Bxb4 3. Bxe5 Nf6 4. e3 Nc6 5. Bb2 d5 6. Nf3 0-0 7. c4 Be6 8. cxd5 Bxd5 9. Be2 Qe7 10. 0-0 Rfd8 11. a3 Ba5 12. Nc3 Bxf3 13. Bxf3 Ne5 14. d4 c5 15. Be2 cxd4 16. exd4 Nc6 17. Na4 Nxd4 18. Bxd4 Qe4 19. Nc5 Qxd4 20. Qxd4 Rxd4 21. Nxb7 Bb6 22. a4 Rd2 23. Bf3 Rc8 24. a5 Bd4 25. Rad1 Rcc2 26. Rxd2 Rxd2 27. g3 g5 28. h3 Nd7 29. Be4 Ne5 30. Kg2 Nc4 31. Kf3 h5 32. g4 Ne5+ 33. Kg3 h4+ 34. Kg2 Kg7 35. a6 Bb6 36. Bb1 Kf6 37. Bf5 Ke7 38. Kg1 Ra2 39. Bb1 Rxa6 40. Kg2 Ra3 41. Re1 f6 42. Re2 Ra4 43. Bf5 Rd4 44. Rc2 Rc4 45. Rd2 Bc7 46. Ra2 Nc6 47. Rd2 Nd4 48. Bd3 Rc3 49. Be4 Rc4 50. Bd5 Rb4 51. Nc5 Bb6 52. Nd3 Rb1 53. Be4 Kd6 54. Nb2 Rc1 55. Nd3 Rc4 56. f4 Rc2 57. Rxc2 Nxc2 58. fxg5 fxg5 59. Bb7 a5 60. Nb2 Bd8 61. Na4 Nd4 62. Be4 Ne2 63. Bf3 Nf4+ 64. Kh2 Bf6 65. Be4 Bd4 66. Bf5 Kd5 67. Bd7 Kc4 68. Bc6 Kb3 69. Bd7 Bf2 70. Bc6 Bg3+ 71. Kh1 Nxh3 72. Nc5+ Kb4 73. Ne4 Nf2+ 74. Nxf2 Bxf2 75. Kg2 Bb6 76. Kf1 a4 77. Ke1 a3 78. Kd1 a2 0-1

[Event "Pontevedra op-B 6th"]
[Site "Pontevedra"]
[Date "2018.08.14"]
[Round "9"]
[White "Caudet Soto, Javier"]
[Black "Dias, Jose Oliveira Gaspa"]
[Result "1-0"]
[WhiteElo "1356"]
[BlackElo "1691"]
[PlyCount "121"]
[EventDate "2018.08.08"]
[EventType "swiss"]
[EventRounds "9"]
[EventCountry "ESP"]
[SourceTitle "CBM 186 Extra"]
[Source "ChessBase"]
[SourceDate "2018.08.24"]
[SourceVersion "1"]
[SourceVersionDate "2018.08.24"]
[SourceQuality "1"]

1. e4 c6 2. d4 d5 3. e5 c5 4. Be3 cxd4 5. Bxd4 Nc6 6. Nc3 Bf5 7. Bb5 e6 8. Nf3 Bb4 9. a3 Ba5 10. 0-0 Nge7 11. b4 Bc7 12. Re1 0-0 13. Bc5 Re8 14. Ne2 Ng6 15. Bxc6 bxc6 16. Ned4 Qd7 17. c3 Be4 18. Nd2 Nxe5 19. Nxe4 dxe4 20. Rxe4 Qd5 21. Qe2 a5 22. Rd1 Rad8 23. f4 Ng6 24. g3 e5 25. f5 Nf8 26. Rd2 f6 27. Nf3 Qb3 28. Qc4+ Qxc4 29. Rxc4 Nd7 30. Be3 e4 31. Nd4 Ne5 32. Rxc6 Nxc6 33. Nxc6 Rxd2 34. Bxd2 axb4 35. axb4 Bb6+ 36. Kg2 Ra8 37. Kf1 Ra2 38. Ne7+ Kf7 39. Nd5 Ba7 40. Ke2 g6 41. g4 g5 42. c4 Rc2 43. c5 Bb8 44. Kd1 Rc4 45. Bc3 Bxh2 46. Kc2 Be5 47. Kb3 Rxc3+ 48. Nxc3 e3 49. Ne2 Ke7 50. Kc4 Kd7 51. b5 Kc7 52. Kd3 Bf4 53. Nc3 Be5 54. Nd5+ Kb7 55. Nxe3 Ba1 56. Kc4 Be5 57. Nd5 Ba1 58. c6+ Kc8 59. b6 Kb8 60. c7+ Kb7 61. Ne7 1-0

[Event "Gaia Profigaia op 18th"]
[Site "Vila Nova de Gaia"]
[Date "2018.06.30"]
[Round "5"]
[White "Dias, Jose Oliveira Gaspa"]
[Black "Fonseca, Pedro Miguel Ramos"]
[Result "1-0"]
[WhiteElo "1701"]
[BlackElo "1344"]
[PlyCount "87"]
[EventDate "2018.06.27"]
[EventType "swiss"]
[EventRounds "7"]
[EventCountry "POR"]
[SourceTitle "CBM 185 Extra"]
[Source "ChessBase"]
[SourceDate "2018.07.29"]
[SourceVersion "1"]
[SourceVersionDate "2018.07.29"]
[SourceQuality "1"]

1. d4 Nf6 2. Bf4 g6 3. e3 Bg7 4. Nd2 0-0 5. h3 d6 6. Be2 Nbd7 7. Ngf3 c5 8. c3 a6 9. 0-0 Re8 10. Qb3 b6 11. a4 Bb7 12. a5 b5 13. Rfd1 Qc7 14. c4 bxc4 15. Bxc4 Rf8 16. Rdc1 Qb8 17. Qa2 cxd4 18. exd4 Ne4 19. Nxe4 Bxe4 20. Ng5 Bh6 21. Bxf7+ Kh8 22. Be3 Bxg5 23. Bxg5 Kg7 24. Bc4 Qb7 25. Bf1 Qa7 26. Be3 Nf6 27. Rd1 Nd5 28. Qa3 Rf7 29. b4 Rb8 30. Bc4 Nxb4 31. Qc1 Rc8 32. Bh6+ Kh8 33. Qc3 d5 34. Qxb4 Rxc4 35. Qb6 Qa8 36. Ra3 Rc2 37. Rb3 Rc8 38. Re1 Rf6 39. Qb7 Qxb7 40. Rxb7 Re8 41. f3 Bd3 42. Rexe7 Rxe7 43. Rxe7 Bb5 44. Bg7+ 1-0

[Event "POR-ch Seniors 50"]
[Site "Luso"]
[Date "2018.03.28"]
[Round "5"]
[White "Fernandes, Alberto Manuel"]
[Black "Dias, Jose Oliveira Gaspa"]
[Result "1-0"]
[WhiteElo "2089"]
[BlackElo "1680"]
[PlyCount "83"]
[EventDate "2018.03.25"]
[EventType "swiss"]
[EventRounds "5"]
[EventCountry "POR"]
[SourceTitle "EXT 2019"]
[Source "ChessBase"]
[SourceDate "2018.10.10"]
[SourceVersion "1"]
[SourceVersionDate "2018.10.10"]
[SourceQuality "1"]

1. b3 f5 2. Bb2 Nf6 3. e3 g6 4. Be2 Bg7 5. c4 d6 6. Nf3 e5 7. d4 e4 8. Nfd2 0-0 9. Nc3 c6 10. Qc2 a5 11. 0-0-0 Na6 12. a3 Bd7 13. h4 h5 14. Kb1 d5 15. f3 Bh6 16. Nf1 Qe7 17. Bc1 Rfe8 18. c5 Qd8 19. Na4 Nc7 20. Nb6 Ra7 21. Bd2 Na8 22. Nxd7 Qxd7 23. Rc1 Nc7 24. Qd1 Qf7 25. Ka2 Re6 26. Qe1 a4 27. b4 Qe8 28. f4 Kh7 29. Nh2 Ng4 30. Nxg4 fxg4 31. g3 Rf6 32. b5 cxb5 33. Ba5 Rf7 34. Bxc7 Rxc7 35. Qb4 Bf8 36. Bxb5 Qa8 37. Be2 Qc8 38. Rb1 Kh6 39. Rhf1 Rf7 40. Qb6 Qa8 41. Qe6 Rf5 42. Rb6 1-0

[Event "POR-ch Seniors 50"]
[Site "Luso"]
[Date "2018.03.27"]
[Round "3"]
[White "Morais, Vitor Mestre"]
[Black "Dias, Jose Oliveira Gaspa"]
[Result "0-1"]
[WhiteElo "1634"]
[BlackElo "1680"]
[PlyCount "188"]
[EventDate "2018.03.25"]
[EventType "swiss"]
[EventRounds "5"]
[EventCountry "POR"]
[SourceTitle "EXT 2019"]
[Source "ChessBase"]
[SourceDate "2018.10.10"]
[SourceVersion "1"]
[SourceVersionDate "2018.10.10"]
[SourceQuality "1"]

1. Nf3 e6 2. g3 f5 3. Bg2 Nf6 4. 0-0 d5 5. d3 Bd6 6. b3 Qe7 7. Bb2 0-0 8. Nbd2 c6 9. e3 Bd7 10. Ne5 Be8 11. f4 Nbd7 12. Qe2 Bh5 13. Ndf3 a5 14. a4 Rfd8 15. h3 Bc7 16. Qf2 Bb6 17. Kh2 Rac8 18. Rae1 Ba7 19. Qd2 b6 20. Bh1 Bb8 21. Rg1 Bd6 22. Ref1 c5 23. g4 fxg4 24. hxg4 Bxe5 25. Nxe5 Nxe5 26. gxh5 Neg4+ 27. Kg3 Nh6 28. Bf3 d4 29. e4 Qf7 30. Qh2 Rf8 31. Bc1 Kh8 32. Kf2 Nfg8 33. Ke2 Rce8 34. Kd1 Qc7 35. Rg2 Rf7 36. Rfg1 Ree7 37. Qh4 Qd7 38. Qg5 Qe8 39. Qh4 Qf8 40. Be2 Qe8 41. Rg5 Qf8 42. Bd2 Rd7 43. Qh3 Rde7 44. R5g2 Qe8 45. Rf1 Qf8 46. Qh2 Qb8 47. c4 Rb7 48. Be1 Qf8 49. Bh4 Ra7 50. Kc2 Rab7 51. Bg5 Ra7 52. Qh3 Qe8 53. Rfg1 Rad7 54. Bg4 Nxg4 55. Qxg4 Ra7 56. h6 g6 57. e5 Rf5 58. Qh4 Raf7 59. Re2 Qf8 60. Rge1 Qe8 61. Qh1 Qc8 62. Qh4 Qf8 63. Re4 Qe8 64. R1e2 Qf8 65. Bd8 Rh5 66. Qxh5 gxh5 67. Bg5 Rf5 68. Rh2 Qf7 69. Ree2 Qg6 70. Reg2 Qf7 71. Rh4 Qe8 72. Rgh2 Qc6 73. Rxh5 Qf3 74. R5h3 Qg4 75. Rh4 Rxg5 76. fxg5 Qxg5 77. Rh5 Qe3 78. Rg2 Ne7 79. Rhg5 Ng6 80. R2g3 Qe2+ 81. Kb1 Qd1+ 82. Kb2 Qd2+ 83. Kb1 Qd1+ 84. Kb2 Qd2+ 85. Kb1 Qc3 86. Ka2 Qc2+ 87. Ka3 Qb1 88. Rg1 Qxd3 89. R5g3 Qe4 90. Rf1 Qxe5 91. Rgf3 Qd6 92. Rf7 d3 93. Rg7 d2 94. Rff7 Nf8 0-1

[Event "Figueira da Foz op 11th"]
[Site "Figueira da Foz"]
[Date "2017.10.30"]
[Round "2"]
[White "Lisowski, Krzysztof"]
[Black "Dias, Jose Oliveira Gaspa"]
[Result "1-0"]
[WhiteElo "2058"]
[BlackElo "1660"]
[PlyCount "61"]
[EventDate "2017.10.29"]
[EventType "swiss"]
[EventRounds "9"]
[EventCountry "POR"]
[SourceTitle "CBM 181 Extra"]
[Source "ChessBase"]
[SourceDate "2017.12.12"]
[SourceVersion "1"]
[SourceVersionDate "2017.12.12"]
[SourceQuality "1"]

1. e4 d5 2. exd5 Qxd5 3. Nc3 Qd6 4. d4 Nf6 5. Nf3 a6 6. g3 Bg4 7. h3 Bh5 8. Bg2 Nc6 9. Bf4 Qe6+ 10. Qe2 Qxe2+ 11. Nxe2 0-0-0 12. 0-0-0 e6 13. g4 Bg6 14. Ne5 Nxe5 15. dxe5 Ne4 16. Rxd8+ Kxd8 17. Rd1+ Ke8 18. Rd4 Nc5 19. b4 c6 20. bxc5 Bxc5 21. Rd1 Ke7 22. Be3 Ba3+ 23. Kb1 Rc8 24. Nf4 f6 25. Nxg6+ hxg6 26. Rd3 Bb4 27. Rb3 c5 28. a3 a5 29. axb4 axb4 30. Rd3 Rc7 31. Rd6 1-0

[Event "Figueira da Foz op 11th"]
[Site "Figueira da Foz"]
[Date "2017.10.29"]
[Round "1"]
[White "Dias, Jose Oliveira Gaspa"]
[Black "Piasetski, Leon David"]
[Result "0-1"]
[WhiteElo "1660"]
[BlackElo "2286"]
[PlyCount "120"]
[EventDate "2017.10.29"]
[EventType "swiss"]
[EventRounds "9"]
[EventCountry "POR"]
[SourceTitle "CBM 181 Extra"]
[Source "ChessBase"]
[SourceDate "2017.12.12"]
[SourceVersion "1"]
[SourceVersionDate "2017.12.12"]
[SourceQuality "1"]

1. e4 g6 2. d4 Bg7 3. c4 d6 4. Nc3 e5 5. Be3 exd4 6. Bxd4 Nf6 7. Be2 Nc6 8. Be3 0-0 9. Qd2 Ng4 10. Bg5 f6 11. Bf4 g5 12. Bg3 f5 13. exf5 Nh6 14. Nf3 g4 15. Ng5 Nd4 16. 0-0-0 Bxf5 17. h4 Qd7 18. Bd3 Rae8 19. Rhe1 Bxd3 20. Qxd3 Nhf5 21. Kb1 h6 22. Nge4 Nxg3 23. fxg3 c6 24. a3 Qf5 25. Rf1 Qe5 26. Rxf8+ Rxf8 27. Rd2 d5 28. cxd5 cxd5 29. Nc5 Qe7 30. N5a4 Qd7 31. b4 Qc6 32. Ka2 Rc8 33. b5 Qc4+ 34. Qxc4 Rxc4 35. Rd3 Nxb5 36. Nxb5 Rxa4 37. Kb3 Ra6 38. Rxd5 Rb6 39. Kc4 a6 40. Nd6 Bf8 41. Nf5 Bxa3 42. Ne3 Kf7 43. Kd3 Rd6 44. Ke4 Rxd5 45. Kxd5 h5 46. Nc4 Bb4 47. Ne5+ Kf6 48. Nd3 Bd2 49. Nc5 Kf5 50. Nxb7 Bb4 51. Nd8 Be1 52. Nc6 Bxg3 53. Nd4+ Kf6 54. Ne2 Bxh4 55. g3 Bxg3 56. Nxg3 h4 57. Ne2 Kf5 58. Kd4 g3 59. Ke3 Kg4 60. Nd4 h3 0-1

[Event "Guimaraes op"]
[Site "Guimaraes"]
[Date "2017.09.04"]
[Round "5"]
[White "Dias, Jose Oliveira Gaspa"]
[Black "Baptista, Ana Filipa"]
[Result "0-1"]
[WhiteElo "1679"]
[BlackElo "1968"]
[PlyCount "70"]
[EventDate "2017.09.02"]
[EventType "swiss"]
[EventRounds "7"]
[EventCountry "POR"]
[SourceTitle "CBM 180 Extra"]
[Source "ChessBase"]
[SourceDate "2017.10.06"]
[SourceVersion "1"]
[SourceVersionDate "2017.10.06"]
[SourceQuality "1"]

1. e4 c5 2. Nf3 e6 3. d4 cxd4 4. Nxd4 Nf6 5. Nc3 d6 6. Be3 a6 7. f3 Qc7 8. Qd2 Nc6 9. 0-0-0 Be7 10. g4 h6 11. Kb1 Bd7 12. h4 Nxd4 13. Bxd4 b5 14. Bg2 b4 15. Ne2 e5 16. Be3 Rc8 17. Ng3 Ba4 18. Rc1 a5 19. Bh3 Rd8 20. Qf2 Nd7 21. Nf5 Bf8 22. f4 g6 23. Ng3 exf4 24. Qxf4 Bg7 25. Ne2 0-0 26. Qf2 Nc5 27. Bg2 Qe7 28. Ng3 Qe5 29. c3 Nd3 30. Bd4 Nxf2 31. Bxe5 Bxe5 32. Ne2 Nxh1 33. Bxh1 bxc3 34. Nxc3 Bxc3 35. Rxc3 Rc8 0-1

[Event "Guimaraes op"]
[Site "Guimaraes"]
[Date "2017.09.03"]
[Round "3"]
[White "Dias, Jose Oliveira Gaspa"]
[Black "Rasteiro, Rui"]
[Result "1-0"]
[WhiteElo "1679"]
[BlackElo "1514"]
[PlyCount "69"]
[EventDate "2017.09.02"]
[EventType "swiss"]
[EventRounds "7"]
[EventCountry "POR"]
[SourceTitle "CBM 180 Extra"]
[Source "ChessBase"]
[SourceDate "2017.10.06"]
[SourceVersion "1"]
[SourceVersionDate "2017.10.06"]
[SourceQuality "1"]

1. e4 d6 2. d4 Nf6 3. Nc3 Nbd7 4. Be3 e5 5. Bc4 Be7 6. f3 c6 7. Nge2 Qc7 8. Qd2 a5 9. a4 Nf8 10. g4 Ng6 11. 0-0-0 h5 12. g5 Nd7 13. Kb1 Nb6 14. Bb3 Rb8 15. Rhg1 Be6 16. d5 Bc8 17. f4 Bg4 18. Rdf1 Nh4 19. Rg3 Nf3 20. Rgxf3 Bxf3 21. Rxf3 Rd8 22. h4 Nc8 23. Ng3 Bf8 24. Qf2 Rd7 25. f5 f6 26. Qg1 Ne7 27. Bb6 Qb8 28. gxf6 gxf6 29. Nge2 c5 30. Rg3 Bh6 31. Bc4 Nc8 32. Rg8+ Rxg8 33. Qxg8+ Bf8 34. Qg6+ Rf7 35. Bb5+ 1-0

[Event "Guimaraes op"]
[Site "Guimaraes"]
[Date "2017.09.03"]
[Round "4"]
[White "Machado, Tomas Dias"]
[Black "Dias, Jose Oliveira Gaspa"]
[Result "1-0"]
[WhiteElo "1634"]
[BlackElo "1679"]
[PlyCount "165"]
[EventDate "2017.09.02"]
[EventType "swiss"]
[EventRounds "7"]
[EventCountry "POR"]
[SourceTitle "CBM 180 Extra"]
[Source "ChessBase"]
[SourceDate "2017.10.06"]
[SourceVersion "1"]
[SourceVersionDate "2017.10.06"]
[SourceQuality "1"]

1. e4 d5 2. exd5 Qxd5 3. Nc3 Qd6 4. d4 Nf6 5. h3 a6 6. Nf3 Nc6 7. a3 Bf5 8. Be3 0-0-0 9. Bd3 e6 10. g3 Nd5 11. Nxd5 Qxd5 12. c4 Qd7 13. Bxf5 exf5 14. Qa4 f6 15. d5 Ne5 16. Qxd7+ Rxd7 17. Nxe5 fxe5 18. 0-0 Be7 19. f4 e4 20. b4 Bf6 21. Rab1 Rhd8 22. b5 a5 23. Rb3 b6 24. g4 g6 25. g5 Bg7 26. Kh2 Bf8 27. Bd4 Kb7 28. h4 a4 29. Rh3 h5 30. gxh6 Bxh6 31. Rg3 Rg8 32. Be5 Bf8 33. Kg2 Rh7 34. Bf6 Bc5 35. Rh1 Bd6 36. Be5 Rh5 37. Re3 Bc5 38. Rg3 Be7 39. Rgh3 Kc8 40. Kf2 Kd7 41. Bb2 Rf8 42. Ke3 Rf7 43. Kf2 Rfh7 44. Kg3 Ke8 45. R3h2 Kf7 46. Be5 Bd6 47. Bxd6 cxd6 48. Rb1 Rh8 49. Rb4 Ra8 50. Rd2 Ke7 51. Re2 Kd7 52. Rf2 Kc7 53. Re2 Kb7 54. Rf2 Rh7 55. Re2 Rc7 56. Rc2 Kc8 57. Re2 Re7 58. Re3 Kb7 59. Re2 Rh7 60. Rh2 Re8 61. Rxa4 Ra8 62. Rxa8 Kxa8 63. a4 Ra7 64. Ra2 Kb8 65. Ra3 Rc7 66. Rc3 Kb7 67. Kf2 Kb8 68. Rg3 Rxc4 69. Rxg6 Rc2+ 70. Kg3 Rc3+ 71. Kf2 Rf3+ 72. Ke2 Rxf4 73. h5 Rh4 74. h6 Rh2+ 75. Ke3 Rh3+ 76. Ke2 Rh2+ 77. Kf1 Kc7 78. Rg7+ Kd8 79. h7 Ke8 80. Rg8+ Kf7 81. h8Q Rxh8 82. Rxh8 Kf6 83. Re8 1-0